Daňové úniky vs. daňová správa
Daňové úniky a ich história spojená s existenciou štátu. Najväčšie odhalené daňové podvody v SR. Najrozšírenejšie formy daňových únikov. Legislatíva a opatrenia na zlepšenie tohto stavu.
Na minha lista:
| Autor principal: | |
|---|---|
| Formato: | Capítulo de Livro |
| Idioma: | eslovaco |
| Assuntos: | |
| Tags: |
Sem tags, seja o primeiro a adicionar uma tag!
|
MARC
| LEADER | 00000naa$a2200000$$$4500 | ||
|---|---|---|---|
| 001 | 0125303 | ||
| 005 | 20240502072429.3 | ||
| 041 | 0 | |a slo | |
| 044 | |a SK | ||
| 245 | 1 | 0 | |a Daňové úniky vs. daňová správa |c Gizela Lénártová |
| 520 | |a Daňové úniky a ich história spojená s existenciou štátu. Najväčšie odhalené daňové podvody v SR. Najrozšírenejšie formy daňových únikov. Legislatíva a opatrenia na zlepšenie tohto stavu. | ||
| 610 | 2 | 0 | |a dane |
| 610 | 2 | 0 | |a povinnosť daňová |
| 610 | 2 | 0 | |a správa daňová |
| 610 | 2 | 0 | |a kontrola daňová |
| 610 | 2 | 0 | |a daňovníci |
| 610 | 2 | 0 | |a únik daňový |
| 610 | 2 | 0 | |a kriminalita hospodárska |
| 610 | 2 | 0 | |a podvody |
| 610 | 2 | 0 | |a činnosť trestná |
| 610 | 2 | 0 | |a legislatíva |
| 100 | 1 | |a Lénártová, Gizela | |